000 00668nam a2200205Ia 4500
001 15420
003 GE_BSU
008 181216s||||||||xx |||||||||||||| ||und||
040 _cGE_BSU
080 _a821.353.1-1
245 _aჩვენ გავიმარჯვებთ
245 _bმხატვრული კრებული
245 _cწინასიტყვ.ავტ. და რედ.ლ.შარაშიძე
260 _aბათუმი
260 _bაჭარის სახელგამი
260 _c1943
300 _a68გვ.17სმ.
653 _aჩვენ გავიმარჯვებთ
942 _cBK
999 _c48523
_d48523